000 00472nam a22001817a 4500
005 20260202111644.0
008 260202b |||||||| |||| 00| 0 eng d
020 _a 9789392242458
041 _a Eng
082 _21st
_a610
100 _a Jangir Ghanshyam
_9216554
245 _aPractical Manual To Internship
260 _aPunjab
_b‎ visions health Science
_c2025
300 _aP.526
365 _a500
650 _aFundamental of Nursing
_9206574
942 _cCB
999 _c370255
_d370255